000 00686nam a2200253Ia 4500
003 OSt
005 20220918163218.0
006 a|||||r|||| 00| 0
007 ta
008 220917b |||||||| |||| 00| 0 eng d
020 _a0 333 05838 0
024 _a31,934
037 _cTextual
040 _aARTS
_cARTS
_beng
041 _2eng
_aeng
082 _aO111,3M19,21, J0
100 _aEliot George
_912039
245 0 _aMiddlemarch
_b A casebook ed by Patrick Sivinden
260 _aLondon
_bMacmillan UK
_c1973
300 _a256p.
_ccm.
650 _aENGLISH LITERATURE
942 _hO111,3M19,21, J0
_cTEXL
_2CC
999 _c118486
_d118486